000 00469nab a2200145Ia 4500
003 ES-SlBCS
005 20210601125227.0
008 140529s1970 xxu||||| |||| 00| 0 eng d
041 _aeng
100 1 _aHodges, Donald Clark
_9155534
245 0 2 _aA Specter is Haunting the Contemporary World
_c Donald Clark Hodges
650 0 4 _aMundo Contemporáneo
_9155656
773 0 _tPhilosophy and Phenomenological Research
_gvol. 31, 1970, págs. 289-292
_wRev1411
942 _cAR
999 _c526842
_d526842